| 000 | 00479nam a22001337a 4500 | ||
|---|---|---|---|
| 999 |
_c9497 _d9497 |
||
| 003 | OSt | ||
| 005 | 20210629152213.0 | ||
| 008 | 210629b ||||| |||| 00| 0 eng d | ||
| 082 |
_a712 _bKIE |
||
| 100 | _aKiefer, Gabriele G. | ||
| 245 | _a Landscape for Architects : = Landschaft für Architekten = Paisaje para arquitectos : 5. Qualities = Qualitäten / Authors, concept , text, illustrations: Gabriele G. Kiefer, Anika Neubauer | ||
| 260 |
_alondon _bBirkauser _c2020 |
||
| 942 | _2ddc | ||